| 000 | 00721nam a2200253Ia 4500 | ||
|---|---|---|---|
| 008 | 180523s9999 xx 000 0 und d | ||
| 020 | _a0-471-78674-8 | ||
| 050 | _aMAIN HF 5548.32 | ||
| 050 | _b.J69 2007 | ||
| 100 | _aJoyner, Amy. | ||
| 245 | 4 | _aThe Online millionaire : | |
| 245 | 0 | _bstrategies for building a web-based empire on eBay and beyond / | |
| 245 | 0 | _cAmy Joyner; developed by Literary Productions. | |
| 260 | _aNew Jersey : | ||
| 260 | _bJohn Wiley & Sons, | ||
| 260 | _c2007 | ||
| 300 | _a242 pages : | ||
| 300 | _c24 cm. | ||
| 650 | _aeBay (Firm). | ||
| 650 | _aElectronic commerce. | ||
| 650 | _aInternet auctions. | ||
| 650 | _xInternet marketing. | ||
| 650 | _xSuccess in business. | ||
| 999 |
_c357132 _d357132 |
||